Distribution par images - Huit Femmes - Statistiques

Statistiques générales
  • Ce quiz a été pris 63 fois
  • Le résultat moyen est 6 sur 9
Statistiques - réponses
Par images Hint Réponse % Correct
Gaby Catherine Deneuve
100%
Pierrette Fanny Ardant
84%
Louis Emmanuelle Béart
82%
Augustine Isabelle Huppert
74%
Suzon Virginie Ledoyen
56%
Chanel Firmine Richard
53%
Mamy Danielle Darrieux
49%
Catherine Ludivine Sagnier
40%
Marcel Dominique Lamure
16%
Aucun quiz correspondant
Distribution des résultats
% des personnes avec chaque résultat
Percentile par nombre de réponses
Votre historique - résultats
Vous n’avez pas pris ce quiz